| 000 | 00679nam a2200145 a 4500 | ||
|---|---|---|---|
| 001 | 000032326 | ||
| 005 | 20200930065601.0 | ||
| 008 | 110714s1924 dr 000 0 spa d | ||
| 040 |
_aDO-SdBNP _bspa _cBNPHU |
||
| 100 | 1 |
_aCastillo S., Manuel de J. _958337 |
|
| 245 | 1 | 0 |
_aMemoria, con anexos correspondientes, que presenta el gobierno provincial, ciudadano Manuel de J. Castillo S. al Consejo Provincial de Santo Domingo y al Hon. secretario de E. de Interior, Policia, Guerra y Marina de la labor efectuada entre el 12 de julio y el 31 de diciembre de 1924 / _cManuel de J. Castillo S. |
| 260 |
_aSanto Domingo : _b[s.n.], _c[1924]. |
||
| 300 |
_a103 p. ; _c27 cm. |
||
| 049 | _aBNPD | ||
| 999 |
_c31817 _d31817 |
||